Estatísticas para Esportes dos Jogos Olímpicos Rio 2016

Clique aqui para jogar o quiz

Estatísticas Gerais

  • Esse quiz foi jogado 69 vezes
  • A pontuação média é 25 de 39

Estatísticas das Respostas

Esporte% Correto
Futebol
96%
Natação
96%
Atletismo
94%
Basquete
94%
Vôlei
90%
Ginástica artística
88%
Ginástica de trampolim
88%
Ginástica rítmica
88%
Hipismo
77%
Judô
77%
Tênis
77%
Tiro
77%
Vela
77%
Canoagem slalom
75%
Canoagem velocidade
75%
Handebol
69%
Tênis de mesa
69%
Ciclismo BMX
67%
Ciclismo de estrada
67%
Ciclismo de pista
67%
Ciclismo mountain bike
67%
Esgrima
62%
Boxe
60%
Luta greco-romana
60%
Luta livre
60%
Nado sincronizado
60%
Vôlei de praia
58%
Pólo aquático
56%
Taekwondo
50%
Halterofilismo
48%
Remo
48%
Saltos ornamentais
48%
Triatlo
48%
Badminton
46%
Golfe
44%
Hóquei sobre a grama
44%
Rugby sevens
31%
Pentatlo moderno
25%
Tiiro com arco
0%

Distribuição das Pontuações

Percentil de Números Respondidos

Porcentagem de Pessoas com Cada Pontuação

Sua Pontuação Histórica

Você não jogou esse quiz